| 000 | 01153nam a2200325 i 4500 | ||
|---|---|---|---|
| 001 | 7832 | ||
| 003 | KOSZ 005 | ||
| 005 | 20200916130146.0 | ||
| 008 | 070620s1969 pl a g 000 0 pol | ||
| 015 | _aPB 1969/2171 | ||
| 040 |
_aWA N _cKOSZ 005/RW _dKOSZ 005/RW _dKOSZ 005/HR |
||
| 041 | 1 |
_apol _hrus |
|
| 046 | _k1969 | ||
| 080 | _a327.7 | ||
| 080 | _a061 | ||
| 245 | 0 | 0 |
_aPolityczne, gospodarcze i społeczne organizacje międzynarodowe : _binformator. |
| 246 | 1 |
_iTyt. oryg.: _aMeždunarodnye političeskie ekonomičeskie i obŝestvennye organizacii. |
|
| 260 |
_aWarszawa : _bKsiążka i Wiedza, _c1969. |
||
| 300 |
_a401, [2] s. : _berr. ; _c23 cm. |
||
| 380 | _aKsiążki. | ||
| 388 | _a1901-2000 | ||
| 500 | _aTekst tł. z ros. | ||
| 658 | _aPolityka, politologia, administracja publiczna | ||
| 658 | _aGospodarka, ekonomia, finanse | ||
| 655 | 4 | _aInformator | |
| 650 | 4 | _aOrganizacje międzynarodowe | |
| 710 | 2 |
_aSpółdzielnia Wydawniczo-Handlowa "Książka i Wiedza" _4pbl. |
|
| 856 |
_uhttp://koha.tu.koszalin.pl/cgi-bin/koha/opac-detail.pl?biblionumber=7832 _yKatalog online BPK |
||
| 942 |
_2UKD _cKS |
||
| 999 |
_c7832 _d7832 |
||